000 01181nam a22003377a 4500
003 CHAP
005 20220329134451.0
008 971013s1994 r 00010 d
010 _a20813
011 _a21785
035 _a25876
040 _cCHAP
090 _aTesis
100 0 0 _aFuentes Lozada, José Guadalupe.
_943866
245 _aPatrón óptimo de cultivos para la región del altiplanoen el estado de Hidalgo
260 _aChapingo, Méx. :
_bEl autor,
_c1994
300 _a92 h.
_e+ anexos
502 _aTesis (Ing. Agr. Esp. en Economía Agrícola) -- UACH. Departamento de Economía Agrícola
590 _aALEPH
_b10
_c20130110
_lUCH01
_h1244
590 _aBATCH-UPD
_b10
_c20130110
_lUCH01
_h2033
590 _aBATCH-UPD
_b10
_c20130410
_lUCH01
_h1349
590 _aBATCH-UPD
_b10
_c20130914
_lUCH01
_h1117
590 _aCONVERSION
_b10
_c20130109
_lUCH01
_h1312
650 1 4 _aAgricultura
_xAspectos economicos
_xHidalgo.
_91253
650 1 4 _aCultivos
_xHidalgo.
_930281
650 1 4 _aPolítica agrícola
_zHidalgo.
_990384
901 _aBK
942 _cFOLL
949 _bBC
_cTES
_d-59823
_eTS1
_h27139
_i25876
_si
949 _bBC
_cTES
_d-59824
_eTS2
_fc.2
_h27140
_i25876
_si
999 _c20813
_d20813